| 000 | 00330nam a22001337a 4500 | ||
|---|---|---|---|
| 020 | _a9781633221062 | ||
| 040 | _cNUST | ||
| 082 | _a751.425 GER | ||
| 100 |
_aGERTSCH, SUSETTE BILLEDEAUX _996725 |
||
| 245 | _aBeginning ACRYLIC | ||
| 260 |
_aUSA: _bWalter Foster, _c2016. |
||
| 650 |
_aBeginning ACRYLIC _996726 |
||
| 942 |
_2ddc _cBK |
||
| 999 |
_c590848 _d590848 |
||